Visualizzazione normale
Vista MARC
- Emiliani, Vittorio,
di Personal Name
Records bibliografici associati: 1
001 - CONTROL NUMBER
- control field: 35221
003 - CONTROL NUMBER IDENTIFIER
- control field: IT-RoPau
005 - DATE AND TIME OF LATEST TRANSACTION
- control field: 20150706171847.0
008 - FIXED-LENGTH DATA ELEMENTS
- fixed length control field: 150706|| aca||aabn | a|a d
040 ## - CATALOGING SOURCE
- Original cataloging agency: IT-RoPau
- Transcribing agency: IT-RoPau
100 ## - HEADING--PERSONAL NAME
- Personal name: Emiliani, Vittorio,
- Dates associated with a name: 1935-
- Title of a work: Paese dei Mussolini.
670 ## - SOURCE DATA FOUND
- Source citation: Work cat.: (IT-RoPau)0: Emiliani, Vittorio, 1935- 35213, I tre Mussolini :, c1997.